Caracterización geotécnica de las áreas de reserva habitacional dentro de la gran área metropolitana

Zapisane w:
Opis bibliograficzny
1. autor: Vindas Cortés, Juan Carlos
Format: Książka
Wydane: San José, Costa Rica 1988
Hasła przedmiotowe:
Etykiety: Dodaj etykietę
Nie ma etykietki, Dołącz pierwszą etykiete!

MARC

LEADER 00000nam a2200000Ia 4500
003 004628
005 20221231144344.0
008 140114s1988 cr a m 000 ||s d
040 |c cru CEDI 
090 |a TFG 2115 
100 |a Vindas Cortés, Juan Carlos  |9 13615 
245 |a Caracterización geotécnica de las áreas de reserva habitacional dentro de la gran área metropolitana 
260 |c 1988  |a San José, Costa Rica 
300 |a  viii, [228] hojas : ilustraciones (algunas plegables) ; 28 cm  
500 |a Proyecto de graduación (licenciatura en ingeniería civil)--Universidad de Costa Rica. Facultad de Ingeniería. Escuela de Ingeniería Civil 
650 |x GEOLOGIA URBANA - AREA METROPOLITANA DE SAN JOSE (COSTA RICA)  |9 13616 
942 |c TFG 
999 |c 20642  |d 20642